| 000 | 00361nam a2200145Ia 4500 | ||
|---|---|---|---|
| 008 | 230917s9999||||xx |||||||||||||| ||und|| | ||
| 040 |
_e137235 _aMAIN |
||
| 041 | _aEnglish | ||
| 082 | _a822.08 L962D | ||
| 100 | _aLucas, F L | ||
| 245 | 0 | _aDrama of Chekhov, Synge, Yeats and Pirandello | |
| 260 |
_aLondon _bCassell _c1965 |
||
| 300 | _a452 p. | ||
| 942 | _cBK | ||
| 999 |
_c138145 _d138145 |
||